000 00285 a2200085 4500
020 _a9780857939982
100 _aDaniel A. Mazmanian and Hilda Blanco (Editor)
245 _aElgar Companion to Sustainable Cities: Strategies, Methods and Outlook
260 _bEdward Elgar Publishing Ltd
_c2014
999 _c13108
_d13108